| 000 | 00402nam a22001457a 4500 | ||
|---|---|---|---|
| 082 |
_a370 _bSAE _cL-30II, P-204 |
||
| 100 |
_aRashid, Saeed. _916757 |
||
| 245 | _aA lasting lighthouse / | ||
| 260 |
_aJehlum _bBook corner jehlum _cc1990 |
||
| 300 |
_a330 p, : _c16cm |
||
| 526 |
_a0 _b0 _c0 _d370_000000000000000_SAE |
||
| 526 |
_a0 _b0 _c0 _d370_000000000000000_SAE |
||
| 650 |
_aMCE _9379 |
||
| 942 |
_2ddc _cBK |
||
| 999 |
_c542884 _d542884 |
||